000 00598nam a22002297a 4500
003 UA-OsUOA
001 28622
007 ta
008 20050414b un ||||| |||| 00| 0 ukr d
090 _a94(47+57)
_bС56
942 _cBK
040 _aUA-OsUOA
_brus
_cUA-OsUOA
_dUA-OsUOA
245 _aКрнференция Объединенных Наций в Сан-Франциско (25 апр. - 26 июля 1945 г.)
300 _a710 с.
_bІлюстрації
955 _a0
041 _arus
080 _a94(47+57)
260 _c1980
044 _aRU
650 7 _2UDC
999 _c314991
_d314991